<?xml version="1.0" encoding="UTF-8"?>
<collection xmlns="http://www.loc.gov/MARC21/slim">
 <record>
  <leader>06429cam a2200793   4500</leader>
  <controlfield tag="001">670239283</controlfield>
  <controlfield tag="003">DE-627</controlfield>
  <controlfield tag="005">20240921205624.0</controlfield>
  <controlfield tag="007">tu</controlfield>
  <controlfield tag="008">111019s2011    gw |||||      00| ||ger c</controlfield>
  <datafield tag="010" ind1=" " ind2=" ">
   <subfield code="a">  2011516132</subfield>
  </datafield>
  <datafield tag="015" ind1=" " ind2=" ">
   <subfield code="a">11,N42</subfield>
   <subfield code="2">dnb</subfield>
  </datafield>
  <datafield tag="016" ind1="7" ind2=" ">
   <subfield code="a">1016028016</subfield>
   <subfield code="2">DE-101</subfield>
  </datafield>
  <datafield tag="020" ind1=" " ind2=" ">
   <subfield code="a">9783865607959</subfield>
   <subfield code="c">Gb. : EUR 48.00 (DE), EUR 49.40 (AT)</subfield>
   <subfield code="9">978-3-86560-795-9</subfield>
  </datafield>
  <datafield tag="024" ind1="3" ind2=" ">
   <subfield code="a">9783865607959</subfield>
  </datafield>
  <datafield tag="035" ind1=" " ind2=" ">
   <subfield code="a">(DE-627)670239283</subfield>
  </datafield>
  <datafield tag="035" ind1=" " ind2=" ">
   <subfield code="a">(DE-576)353501476</subfield>
  </datafield>
  <datafield tag="035" ind1=" " ind2=" ">
   <subfield code="a">(DE-599)DNB1016028016</subfield>
  </datafield>
  <datafield tag="035" ind1=" " ind2=" ">
   <subfield code="a">(OCoLC)767949126</subfield>
  </datafield>
  <datafield tag="035" ind1=" " ind2=" ">
   <subfield code="a">(OCoLC)767949126</subfield>
  </datafield>
  <datafield tag="040" ind1=" " ind2=" ">
   <subfield code="a">DE-627</subfield>
   <subfield code="b">ger</subfield>
   <subfield code="c">DE-627</subfield>
   <subfield code="e">rakwb</subfield>
  </datafield>
  <datafield tag="041" ind1=" " ind2=" ">
   <subfield code="a">ger</subfield>
  </datafield>
  <datafield tag="044" ind1=" " ind2=" ">
   <subfield code="c">XA-DE-NW</subfield>
  </datafield>
  <datafield tag="050" ind1=" " ind2="0">
   <subfield code="a">N6888.B4</subfield>
  </datafield>
  <datafield tag="082" ind1="0" ind2=" ">
   <subfield code="a">759.3</subfield>
   <subfield code="q">BSZ</subfield>
  </datafield>
  <datafield tag="082" ind1="0" ind2="4">
   <subfield code="a">750</subfield>
   <subfield code="q">DNB</subfield>
  </datafield>
  <datafield tag="084" ind1=" " ind2=" ">
   <subfield code="a">9,10</subfield>
   <subfield code="2">ssgn</subfield>
  </datafield>
  <datafield tag="084" ind1=" " ind2=" ">
   <subfield code="a">LI 14304</subfield>
   <subfield code="2">rvk</subfield>
   <subfield code="0">(DE-625)rvk/95559:13282</subfield>
  </datafield>
  <datafield tag="084" ind1=" " ind2=" ">
   <subfield code="a">20.31</subfield>
   <subfield code="2">bkl</subfield>
  </datafield>
  <datafield tag="084" ind1=" " ind2=" ">
   <subfield code="a">20.14</subfield>
   <subfield code="2">bkl</subfield>
  </datafield>
  <datafield tag="100" ind1="1" ind2=" ">
   <subfield code="a">Beckmann, Max</subfield>
   <subfield code="d">1884-1950</subfield>
   <subfield code="0">(DE-588)118508210</subfield>
   <subfield code="0">(DE-627)189527722</subfield>
   <subfield code="0">(DE-576)160220440</subfield>
   <subfield code="4">aut</subfield>
  </datafield>
  <datafield tag="243" ind1="1" ind2="0">
   <subfield code="a">Sammlung</subfield>
  </datafield>
  <datafield tag="245" ind1="1" ind2="0">
   <subfield code="a">Max Beckmann und J. B. Neumann</subfield>
   <subfield code="b">der Künstler und sein Händler in Briefen und Dokumenten 1917 – 1950</subfield>
   <subfield code="c">hrsg. von Ursula Harter und Stephan von Wiese</subfield>
  </datafield>
  <datafield tag="264" ind1=" " ind2="1">
   <subfield code="a">Köln</subfield>
   <subfield code="b">König</subfield>
   <subfield code="c">2011</subfield>
  </datafield>
  <datafield tag="300" ind1=" " ind2=" ">
   <subfield code="a">334 S</subfield>
   <subfield code="b">Ill., Faks.</subfield>
   <subfield code="c">24 x 17 cm</subfield>
  </datafield>
  <datafield tag="336" ind1=" " ind2=" ">
   <subfield code="a">Text</subfield>
   <subfield code="b">txt</subfield>
   <subfield code="2">rdacontent</subfield>
  </datafield>
  <datafield tag="337" ind1=" " ind2=" ">
   <subfield code="a">ohne Hilfsmittel zu benutzen</subfield>
   <subfield code="b">n</subfield>
   <subfield code="2">rdamedia</subfield>
  </datafield>
  <datafield tag="338" ind1=" " ind2=" ">
   <subfield code="a">Band</subfield>
   <subfield code="b">nc</subfield>
   <subfield code="2">rdacarrier</subfield>
  </datafield>
  <datafield tag="520" ind1=" " ind2=" ">
   <subfield code="a">Jsrael Ber Neumann war von 1912 bis 1932 Max Beckmanns händlerischer Kompagnon. Der Künstler verstand ihn als Urmanager. 1923 nach New York emigriert, legte Neumann den Grundstein für Beckmanns Erfolg in den USA nach dem Zweiten Weltkrieg. Er nahm in seiner der Avantgarde gewidmeten Berliner Galerie am Kurfürstendamm zunächst Grafik und Zeichnungen, ab 1920, beeindruckt vom &quot;Selbstporträt im roten Schal&quot; (1917), auch Beckmanns malerisches Werk in sein Programm auf. Durch seine Hände gingen Hauptwerke des Malers wie &quot;Die Nacht&quot;, &quot;Italienische Fantasie&quot;, &quot;Eiserner Steg&quot;, &quot;Der Traum&quot;, &quot;Fastnacht&quot;.Die Publikation umfasst den gesamten, bisher nur bruchstückhaft veröffentlichten Briefwechsel sowie das Beckmann gewidmete Kapitel &quot;Sorrow and Champagne&quot; aus Jsrael Ber Neumanns unveröffentlichter Autobiografie &quot;Confession of an Art Dealer&quot; (1959). Im Zentrum der Publikation stehen unveröffentlichte Briefe, die Neumann zusammengestellt hatte und die er 1961 zusammen mit dem Beckmann-Kapitel veröffentlichen wollte. Mit der Publikation wird die historische Bedeutung von J.B. Neumann, des zwischen den Kontinenten agierenden Kunsthändlers und Kunstvermittlers, erstmals gewürdigt. Sie ist auch ein Beitrag zu einem markanten Kapitel der Geschichte des Kunsthandels der Moderne und leitet eine Revision der Kunstgeschichtsschreibung ein. „Einige Briefe waren bekannt und sind bereits in der dreibändigen Brief-Edition (1993-1996) aufgenommen worden. Hier werden sie erneut abgedruckt, ergänzt um Briefe, die erst 1997 ans Licht kamen und sich im Nachlass des großen Bauhaus-Forschers Hans Maria Wingler fanden. Zusammen mit einem kurzen unveröffentlichten Typoskript Neumanns sowie seinem Beckmann-Kapitel &quot;Sorrow and Champagne&quot; aus den englisch verfassten, für diese Ausgabe ins Deutsche übertragenen Lebenserinnerungen Neumanns vermittelt die Edition intensiv die wechselvolle, von zeitgeschichtlichen Brüchen gekennzeichnete Beziehung zwischen Händler und Künstler, die seit 1917 bestand. Neumann stellte Ende 1917 Beckmanns neueste, vom Weltkrieg geprägte zeichnerische und grafische Produktion in Berlin aus, anschließend wurde er zum frühen Förderer der Dadaisten und war anfänglich Mitherausgeber des &quot;Kunstblatt&quot; von Paul Westheim. Die kurze, konzise Einführung der Herausgeber vermittelt, welche Hoffnungen Beckmann bei seiner Strategie, den internationalen Kunstmarkt zu erobern, auf Neumann setzte“ (sehepunkte.de)</subfield>
  </datafield>
  <datafield tag="583" ind1="1" ind2=" ">
   <subfield code="a">Archivierung/Langzeitarchivierung gewährleistet</subfield>
   <subfield code="f">SSG</subfield>
   <subfield code="x">XA-DE-BW</subfield>
   <subfield code="2">pdager</subfield>
   <subfield code="5">DE-16</subfield>
  </datafield>
  <datafield tag="583" ind1="1" ind2=" ">
   <subfield code="a">Archivierung prüfen</subfield>
   <subfield code="c">20240324</subfield>
   <subfield code="f">DE-4165</subfield>
   <subfield code="z">1</subfield>
   <subfield code="2">pdager</subfield>
  </datafield>
  <datafield tag="600" ind1="1" ind2="0">
   <subfield code="a">Beckmann, Max</subfield>
   <subfield code="d">1884-1950</subfield>
   <subfield code="v">Correspondence</subfield>
  </datafield>
  <datafield tag="600" ind1="1" ind2="0">
   <subfield code="a">Neumann, J. B</subfield>
   <subfield code="q">(Jsrael Ber)</subfield>
   <subfield code="v">Correspondence</subfield>
  </datafield>
  <datafield tag="650" ind1=" " ind2="0">
   <subfield code="a">Artists</subfield>
   <subfield code="z">Germany</subfield>
   <subfield code="v">Correspondence</subfield>
  </datafield>
  <datafield tag="655" ind1=" " ind2="7">
   <subfield code="a">Briefsammlung</subfield>
   <subfield code="y">1917-1950</subfield>
   <subfield code="0">(DE-588)4146609-3</subfield>
   <subfield code="0">(DE-627)104269936</subfield>
   <subfield code="0">(DE-576)209750472</subfield>
   <subfield code="2">gnd-content</subfield>
  </datafield>
  <datafield tag="689" ind1="0" ind2="0">
   <subfield code="d">p</subfield>
   <subfield code="0">(DE-588)118508210</subfield>
   <subfield code="0">(DE-627)189527722</subfield>
   <subfield code="0">(DE-576)160220440</subfield>
   <subfield code="a">Beckmann, Max</subfield>
   <subfield code="d">1884-1950</subfield>
   <subfield code="2">gnd</subfield>
  </datafield>
  <datafield tag="689" ind1="0" ind2="1">
   <subfield code="d">p</subfield>
   <subfield code="0">(DE-588)124290035</subfield>
   <subfield code="0">(DE-627)085764108</subfield>
   <subfield code="0">(DE-576)215592735</subfield>
   <subfield code="a">Neumann, J. B.</subfield>
   <subfield code="d">1887-1961</subfield>
   <subfield code="2">gnd</subfield>
  </datafield>
  <datafield tag="689" ind1="0" ind2=" ">
   <subfield code="5">DE-101</subfield>
  </datafield>
  <datafield tag="689" ind1="1" ind2="0">
   <subfield code="a">z</subfield>
   <subfield code="2">gnd</subfield>
   <subfield code="a">Geschichte</subfield>
  </datafield>
  <datafield tag="689" ind1="1" ind2=" ">
   <subfield code="5">(DE-627)</subfield>
  </datafield>
  <datafield tag="700" ind1="1" ind2=" ">
   <subfield code="a">Neumann, J. B.</subfield>
   <subfield code="d">1887-1961</subfield>
   <subfield code="0">(DE-588)124290035</subfield>
   <subfield code="0">(DE-627)085764108</subfield>
   <subfield code="0">(DE-576)215592735</subfield>
   <subfield code="4">aut</subfield>
  </datafield>
  <datafield tag="700" ind1="1" ind2=" ">
   <subfield code="a">Harter, Ursula</subfield>
   <subfield code="e">Hrsg.</subfield>
   <subfield code="0">(DE-588)173241670</subfield>
   <subfield code="0">(DE-627)698160940</subfield>
   <subfield code="0">(DE-576)134091051</subfield>
   <subfield code="4">edt</subfield>
  </datafield>
  <datafield tag="700" ind1="1" ind2=" ">
   <subfield code="a">Wiese, Stephan von</subfield>
   <subfield code="d">1943-</subfield>
   <subfield code="0">(DE-588)174288727</subfield>
   <subfield code="0">(DE-627)699175828</subfield>
   <subfield code="0">(DE-576)163561850</subfield>
   <subfield code="4">oth</subfield>
  </datafield>
  <datafield tag="787" ind1="0" ind2="8">
   <subfield code="i">Rezensiert in</subfield>
   <subfield code="a">Peters, Olaf, 1964 - </subfield>
   <subfield code="t">[Rezension von: Ursula Harter / Stephan von Wiese (Hrsg.), Max Beckmann und J.B. Neumann. Der Künstler und sein Händler in Briefen und Dokumenten 1917-1950 - Rita Winkelmann, Max Beckmann. Studien zur Farbe im Spätwerk]</subfield>
   <subfield code="d">2013</subfield>
   <subfield code="w">(DE-627)1801069492</subfield>
  </datafield>
  <datafield tag="856" ind1="4" ind2="2">
   <subfield code="u">http://www.gbv.de/dms/weimar/toc/670239283_toc.pdf</subfield>
   <subfield code="m">V:DE-601</subfield>
   <subfield code="m">B:DE-Wim2</subfield>
   <subfield code="x">Verlag</subfield>
   <subfield code="y">Inhaltsverzeichnis</subfield>
   <subfield code="3">Inhaltsverzeichnis</subfield>
  </datafield>
  <datafield tag="856" ind1="4" ind2="2">
   <subfield code="u">http://deposit.dnb.de/cgi-bin/dokserv?id=3896375&amp;prov=M&amp;dok_var=1&amp;dok_ext=htm</subfield>
   <subfield code="m">X: MVB</subfield>
   <subfield code="q">text/html</subfield>
   <subfield code="v">2013-05-01</subfield>
   <subfield code="x">Verlag</subfield>
   <subfield code="3">Inhaltstext</subfield>
  </datafield>
  <datafield tag="856" ind1="4" ind2="2">
   <subfield code="u">https://swbplus.bsz-bw.de/bsz353501476rez.htm</subfield>
   <subfield code="m">B:DE-576;DE-16</subfield>
   <subfield code="q">application/pdf</subfield>
   <subfield code="v">20130319104910</subfield>
   <subfield code="x">Verlag</subfield>
   <subfield code="3">Rezension</subfield>
  </datafield>
  <datafield tag="856" ind1="4" ind2="2">
   <subfield code="u">http://www.perlentaucher.de/buch/max-beckmann-jsrael-ber-neumann/max-beckmann-und-j-b-neumann.html</subfield>
   <subfield code="x">Verlag</subfield>
   <subfield code="3">Rezension</subfield>
  </datafield>
  <datafield tag="856" ind1="4" ind2="2">
   <subfield code="u">http://www.sehepunkte.de/2013/03/17931.html</subfield>
   <subfield code="x">Verlag</subfield>
   <subfield code="3">Rezension</subfield>
  </datafield>
  <datafield tag="935" ind1=" " ind2=" ">
   <subfield code="i">Blocktest</subfield>
  </datafield>
  <datafield tag="936" ind1="r" ind2="v">
   <subfield code="a">LI 14304</subfield>
   <subfield code="b">Dokumente zu Leben und Werk</subfield>
   <subfield code="k">Kunstgeschichte</subfield>
   <subfield code="k">Künstler-Monografien</subfield>
   <subfield code="k">Alphabetische Künstlerliste</subfield>
   <subfield code="k">Künstler B</subfield>
   <subfield code="k">Beckmann, Max (bis 14310)</subfield>
   <subfield code="k">Dokumente zu Leben und Werk</subfield>
   <subfield code="0">(DE-627)1271753626</subfield>
   <subfield code="0">(DE-625)rvk/95559:13282</subfield>
   <subfield code="0">(DE-576)201753626</subfield>
  </datafield>
  <datafield tag="936" ind1="b" ind2="k">
   <subfield code="a">20.31</subfield>
   <subfield code="j">Bildende Künstler</subfield>
   <subfield code="0">(DE-627)181571080</subfield>
  </datafield>
  <datafield tag="936" ind1="b" ind2="k">
   <subfield code="a">20.14</subfield>
   <subfield code="j">Kunsthandel</subfield>
   <subfield code="0">(DE-627)106406302</subfield>
  </datafield>
  <datafield tag="951" ind1=" " ind2=" ">
   <subfield code="a">BO</subfield>
  </datafield>
  <datafield tag="990" ind1=" " ind2=" ">
   <subfield code="a">Beckmann, Max</subfield>
  </datafield>
  <datafield tag="990" ind1=" " ind2=" ">
   <subfield code="a">Neumann, J. B.</subfield>
  </datafield>
  <datafield tag="990" ind1=" " ind2=" ">
   <subfield code="a">Geschichte</subfield>
  </datafield>
  <datafield tag="991" ind1=" " ind2=" ">
   <subfield code="a">Rezensiertes Werk</subfield>
  </datafield>
  <datafield tag="999" ind1=" " ind2=" ">
   <subfield code="a">KXP-PPN670239283</subfield>
   <subfield code="e">4173833857</subfield>
  </datafield>
 </record>
</collection>
